| Tag |
First Indicator |
Second Indicator |
Subfields |
| LEADER |
00000ugm a2200000 a 4500 |
| 001 |
in00004249739 |
| 005 |
20260122210250.2 |
| 006 |
m o d |
| 007 |
cr cn |
| 008 |
211117s2017 xx v eng |
| 020 |
|
|
|z 9781492026495
|
| 035 |
|
|
|a (CaSebORM)9781492026501
|
| 040 |
|
|
|d UtOrBLW
|
| 041 |
0 |
|
|a eng
|
| 100 |
1 |
|
|a Raja, Naveen,
|e author.
|
| 245 |
1 |
0 |
|a Learn from the Experts about Design Thinking :
|b Naveen Raja /
|c Raja, Naveen.
|
| 250 |
|
|
|a 1st edition.
|
| 264 |
|
1 |
|b O'Reilly Media, Inc.,
|c 2017.
|
| 300 |
|
|
|a 1 online resource (1 video file, approximately 28 min.)
|
| 336 |
|
|
|a two-dimensional moving image
|b tdi
|2 rdacontent
|
| 337 |
|
|
|a computer
|b c
|2 rdamedia
|
| 338 |
|
|
|a online resource
|b cr
|2 rdacarrier
|
| 347 |
|
|
|a video file
|
| 520 |
|
|
|a Learn from the Experts is a series where we sit down with leading industry practitioners and ask them for real-world stories and examples of how they're using technology in their everyday work. In this interview, O'Reilly Content Director Nikki McDonald talks with Naveen Raja, UX designer and strategist at Neighborhoods.com, about design thinking.
|
| 533 |
|
|
|a Electronic reproduction.
|b Boston, MA :
|c Safari,
|n Available via World Wide Web.
|
| 538 |
|
|
|a Mode of access: World Wide Web.
|
| 542 |
|
|
|f Copyright © O'Reilly Media, Inc.
|
| 588 |
|
|
|a Online resource; Title from title screen (viewed November 21, 2017)
|
| 500 |
|
|
|a Videorecording.
|
| 655 |
|
7 |
|a Electronic videos.
|2 local
|
| 710 |
2 |
|
|a Safari, an O'Reilly Media Company.
|
| 856 |
4 |
0 |
|u https://proxy.library.tamu.edu/login?url=https://go.oreilly.com/TAMU/library/view/-/9781492026501/?ar
|z Connect to this electronic resource
|t 0
|
| 999 |
f |
f |
|s aa55f585-05fd-34a7-ad50-4979c63bde02
|i 1a828911-6b13-34bd-9557-926c38223a24
|t 0
|
| 952 |
f |
f |
|a Texas A&M University
|b College Station
|c Electronic Resources
|s www_evans
|d Available Online
|t 0
|h No information provided
|
| 998 |
f |
f |
|t 0
|l Available Online
|